000
00290nam a2200121Ia 4500
008
240624s9999 xx 000 0 und d
041
_a
eng
082
_a
658.4 CRA
100
_a
CRAINER STUART
245
_a
FUTURE THINKERS
260
_c
2014
_a
New Delhi
_b
Tata McGraw-Hill
365
_c
RS
_b
33
999
_c
25701
_d
25701